| 000 | 02490cam a22003978i 4500 | ||
|---|---|---|---|
| 001 | 18344373 | ||
| 003 | PILC | ||
| 005 | 20151105082508.0 | ||
| 008 | 141022s2015 nju 001 0 eng | ||
| 010 | _a 2014036544 | ||
| 020 | _a9781118427231 (paperback) | ||
| 040 |
_aDLC _beng _cDLC _erda |
||
| 042 | _apcc | ||
| 050 | 0 | 0 |
_aTX 531 _b.M653 2015 |
| 082 | 0 | 0 | _a363.19/2 |
| 084 |
_aTEC012000 _2bisacsh |
||
| 100 | 1 | _aMortimore, Sara. | |
| 240 | 1 | 0 | _aHACCP (Food industry briefing series) |
| 245 | 1 | 0 |
_aHACCP / _cSara Mortimore and Carol Wallace. |
| 250 | _a2nd edition. | ||
| 260 |
_aUK : _bJohn Wiley, _c2015. |
||
| 263 | _a1503 | ||
| 300 |
_axiii, 169 pages : _billustrations ; _c22 cm. |
||
| 490 | 0 | _aA food industry briefing | |
| 500 | _aIncludes index. | ||
| 520 | _a"Readers of this accessible book - now in a revised and updated new edition - are taken on a conceptual journey which passes every milestone and important feature of the HACCP landscape at a pace which is comfortable and productive. The information and ideas contained in the book will enable food industry managers and executives to take their new-found knowledge into the workplace for use in the development and implementation of HACCP systems appropriate for their products and manufacturing processes.The material is structured so that the reader can quickly assimilate the essentials of the topic. Clearly presented, this HACCP briefing includes checklists, bullet points, flow charts, schematic diagrams for quick reference, and at the start of each section the authors have provided useful key points summary boxes. HACCP: a Food Industry Briefing is an introductory-level text for readers who are unfamiliar with the subject either because they have never come across it or because they need to be reminded. The book will also make a valuable addition to material used in staff training and is an excellent core text for HACCP courses"-- | ||
| 650 | 0 | _aHazard Analysis and Critical Control Point (Food safety system) | |
| 650 | 0 | _aFood adulteration and inspection. | |
| 650 | 0 |
_aFood handling _xSafety measures. |
|
| 650 | 7 |
_aTECHNOLOGY & ENGINEERING / Food Science. _2bisacsh |
|
| 700 | 1 | _aWallace, Carol. | |
| 776 | 0 | 8 |
_iOnline version: _aMortimore, Sara. _tHACCP _b2nd edition. _dHoboken : John Wiley & Sons Inc., 2015 _z9781118427200 _w(DLC) 2014042281 |
| 906 |
_a7 _bcbc _corignew _d1 _eecip _f20 _gy-gencatlg |
||
| 942 |
_2lcc _cBK _kFOR |
||
| 999 |
_c288887 _d288887 |
||